000 01214nam0a22002891 4500
001 rc\2871015
005 20250630132500.0
035 _a(NLR Aleph) 007024373
090 _a5940270
_c5940270
100 _a20110714d1928 |||y0rusy50 ca
101 0 _arus
102 _aRU
105 _aag z |||||
200 1 _aФугас заложен
_eГероическая мелодрама в пяти действ. с эпилогом
_fРегина Янушкевич и Н. Экк
_gС предисл. С. Валайтиса, нотами и эскизами костюмов
210 _aМосква
_aЛенинград
_cМолодая гвардия
_d1928
_gтип. "Красная Пресня" 3-я Мосполиграф
215 _a111, [7] с., [2] с. объявл.
_cил., ноты
_d21×15 см
225 1 _aКлубный театр
300 _aОбложка и иллюстрации: Н. Экк
700 1 _aЯнушкевич
_bР.В.
_f1896-1978
_gРегина Викентьевна
_4070
701 1 _aЭкк
_bН.
702 1 _aВалайтис
_bС.
_4080
801 0 _aRU
_bNLR
_gpsbo
801 1 _aRU
_bELAR
_2rusmarc
852 _aNLR
_j57/390
942 _cBOOK
980 _aNB